000 00588nam a2200193Ia 4500
001 14843
003 GE_BSU
008 181216s||||||||xx |||||||||||||| ||und||
040 _cGE_BSU
080 _a514.12(075.8)
100 _aБахвалов,С.В. Моденов,А.С.
245 _aСборник задач по аналитической геометрии
260 _aМосква
260 _bГостехиздат
260 _c1957
300 _a384стр.22см.
653 _aСборник задач по аналитической геометрии
942 _cBK
999 _c47966
_d47966